Wszyscy mistrzowie KSW - Statystyki

Ogólne statystyki
  • Ten quiz został rozwiązany 101 razy
    81 od ostatniego zresetowania
  • Średni wynik to 37 z 47
Statystyki odpowiedzi
Waga Od Do Kraj Mistrz % Poprawnych
1. Półciężka 15.05.2009(KSW IX) 18.03.2011(Wakat) 🇵🇱 Khalidov
97%
3. Średnia 28.11.2015(KSW 33) 30.07.2018(Wakat) 🇵🇱 Khalidov
97%
5. Średnia 10.10.2020(KSW 55) 18.12.2021(KSW 65) 🇵🇱 Khalidov
97%
4. Ciężka 14.04.2018(KSW 43) Aktualny 🏴󠁧󠁢󠁥󠁮󠁧󠁿 De Fries
94%
2. Lekka 27.05.2016(KSW 35) 17.09.2020(Wakat) 🇵🇱 Gamrot
94%
4. Piórkowa 01.12.2018(KSW 46) 17.09.2020(Wakat) 🇵🇱 Gamrot
94%
2. Tymczasowy Lekka 12.11.2022(KSW 76) 05.06.2023 🇨🇵 Parnasse
92%
4. Lekka 05.06.2023 Aktualny 🇨🇵 Parnasse
92%
1. Tymczasowy Piórkowa 27.04.2019(KSW 48) 17.09.2020 🇨🇵 Parnasse
92%
5. Piórkowa 17.09.2020 30.01.2021(KSW 58) 🇨🇵 Parnasse
92%
7. Piórkowa 18.12.2021(KSW 65) Aktualny 🇨🇵 Parnasse
92%
2. Średnia 12.05.2012(KSW 19) 28.11.2015(KSW 33) 🇵🇱 Materla
91%
2. Kogucia 20.03.2021(KSW 59) 17.12.2022(KSW 77) 🇵🇱 Przybysz
89%
4. Kogucia 25.01.2025(KSW 102) Aktualny 🇵🇱 Przybysz
89%
6. Średnia 18.12.2021(KSW 65) 01.08.2022(Wakat) 🇭🇷 Soldić
89%
3. Półśrednia 23.12.2017(KSW 41) 14.04.2018(KSW 43) 🇭🇷 Soldić
89%
5. Półśrednia 06.10.2018(KSW 45) 01.08.2022(Wakat) 🇭🇷 Soldić
89%
6. Półśrednia 22.04.2023(KSW 81) Aktualny 🇵🇱 Bartosiński
88%
2. Półśrednia 17.05.2014(KSW 27 23.12.2017(KSW 41) 🇵🇱 Mańkowski
88%
3. Półciężka 26.11.2011(KSW 17) 31.01.2014(Wakat) 🇵🇱 Błachowicz
86%
5. Półciężka 31.10.2015(KSW 32) 15.01.2022(KSW 66) 🇵🇱 Narkun
86%
3. Ciężka 27.05.2017(KSW 39) 28.05.2017(Wakat) 🇵🇱 Różalski
84%
1. Ciężka 28.10.2013 (KSW 24) O3.12.2016(KSW 37) 🇵🇱 Bedorf
83%
2. Tymczasowy Piórkowa 17.03.2023(KSW 80) 19.08.2023(KSW 85) 🇵🇱 Ruchała
83%
3. Tymczasowy Piórkowa 11.05.2024(KSW 94) Aktualny 🇵🇱 Ruchała
83%
7. Średnia 03.06.2023(KSW 83) Aktualny 🇵🇱 Pawlak
81%
3. Kogucia 17.12.2022(KSW 77) 16.12.2024(Wakat) 🇵🇱 Wikłacz
80%
2. Piórkowa 03.12.2016(KSW 37) 27.05.2017(KSW 39) 🇵🇱 Wrzosek
78%
4. Średnia 18.05.2019(KSW 49) 10.10.2020(KSW 55) 🏴󠁧󠁢󠁥󠁮󠁧󠁿 Askham
77%
3. Lekka 19.12.2020(KSW 57) 03.06.2023(KSW 83 Wakat) 🇵🇱 Ziółkowski
77%
4. Półśrednia 14.04.2018(KSW 43) 06.10.2018(KSW 45) 🇿🇦 Du Plessis
75%
1. Tymczasowy Lekka 14.09.2019(KSW 50) 10.07.2020(Wakat) 🇬🇧 Parke
75%
1. Słomkowa (K) 08.06.2013(KSW 23) 21.09.2015(Wakat) 🇵🇱 Kowalkiewicz
73%
7. Półciężka 24.02.2024(KSW Epic) Aktualny 🇵🇱 Haratyk
70%
6. Piórkowa 30.01.2021(KSW 58) 17.12.2021(Wakat) 🇦🇹 Torres
70%
1. Piórkowa 28.11.2015(KSW 33) 03.12.2016(KSW 37) 🇵🇱 Sowiński
67%
1. Musza (K) 27.05.2017(KSW 39) 23.09.2018(Wakat) 🇧🇷 Lipski
61%
3. Tymczasowy Lekka 17.02.2024(KSW 91) 06.04.2024(KSW 93) 🇲🇩 Mircea
61%
2. Ciężka 03.12.206(KSW 37) 27.05.3017(KSW 39) 🇧🇷 Rodrigues
61%
6. Półciężka 15.01.2022(KSW 66) 01.12.2023 (Wakat) 🇹🇷 Chuzhigaev
59%
1. Lekka 01.12.2012(KSW 21) 2015(Wakat) 🇵🇱 Jewtuszko
58%
3. Piórkowa 27.05.2017(KSW 39) 22.12.2017(Wakat) 🇯🇵 Koike Erbst
58%
1. Kogucia 09.11.2019(KSW 51) 20.03.2021(KSW 59) 🇭🇷 Račić
58%
2. Półciężka 19.03.2011(KSW 15) 26.11.2011(KSW 17) 🇨🇲 Sokoudjou
52%
1. Średnia 07.05.2010(KSW 13) 26.11.2011(Wakat) 🇵🇱 Kułak
48%
1. Półśrednia 01.12.2012(KSW 21) 17.05.2014(KSW 27) 🇵🇱 Saidov
48%
4. Półciężka 23.05.2015(KSW 31) 31.10.2015(KSW 32) 🇭🇷 Reljić
41%
Nie znaleziono quizów pasujących do podanych kryteriów
Rozkład punktacji
Procent ludzi z każdym wynikiem
Percentyl według liczby udzielonych odpowiedzi
Twoja historia wyników
Nie rozwiązałeś tego quizu od ostatniego zresetowania